00511nam a22001577a 450000500170000001000150001702000230003202000260005503500130008103700130009408200080010724501280011526000360024327000530027930000210033220150814114942.0 aENG-113502 c395.00a9357940359 c395.00a9789357940351 aEN-97034 bDBAD/PUB a000 aGeneral studies solved & practice papers :bfor understanding the pattern of UPSC Civil Servies exam and thorough practice  aNew DelhibV&S Publishersc2015 aF-216, Ansari Road, DaryaganjbNew Delhie110002 a328p.c28cm(pbk)